000 00591nam a22001817a 4500
999 _c193999
_d193999
005 20221130123908.0
010 _aENG-135753
020 _a9789350532478
_c850.00
035 _aEN-119285
037 _bDBAD/PUB
082 _a793.3195482
100 _aReddy, Smitha
245 _aBharatanatyam on global stage
_cby Smitha Reddy
260 _aDarya ganj
_bCyber tech publications
_c2014
270 _a4264/3, Ansari road, daryaganj
_bNew delhi
_e110002
_mcybertechpublications@gmail.com
300 _a240 p.
_c22cm(hbk)
_bBibliography
942 _2ddc
_cEN
_mRED
_h793.3195482